000 00339nam a22001457a 4500
008 230907b ||||| |||| 00| 0 eng d
020 _a0716719751
041 _aeng
080 _2SECOND EDITION
_a574
082 _a574STA
100 _a44
101 _aMJEDISI
245 _aEARTH AND LIFE THROUGH TIME
_cSTANLEY .M.S
942 _2udc
_cBK
999 _c60299
_d60299